Ustrzycki, Mirosław. Ziemianie polscy na Kresach 1864-1914. - Kraków : Wydaw. Arcana. - 2006 [Rezension]
| Titel: | Ustrzycki, Mirosław. Ziemianie polscy na Kresach 1864-1914. - Kraków : Wydaw. Arcana. - 2006 [Rezension] |
|---|---|
| Verfasser: | |
| In: |
Studia z dziejów Rosji i Europy Środkowo-Wschodniej, Band 42 (2007), Seite 299-304 alle Artikel anzeigen |
| Veröffentlicht: | 2007 |
| Format: | Aufsatz |
| Sprache: | Polnisch |
X
alg: 39510086 001A $01999:12-11-16 001B $01999:04-08-21 $t21:04:47.000 001D $01999:12-11-16 001U $0utf8 001X $00 002@ $0Aox 003@ $0395100860 007A $0395100860 $aHEB 007T $0Herda25566h 010@ $apol 011@ $a2007 021A $aUstrzycki, Mirosław. Ziemianie polscy na Kresach 1864-1914. - Kraków : Wydaw. Arcana. - 2006 [Rezension] 028A $aEpsztein $dTadeusz 031A $d42 $h299-304 $j2007 039B $aIn $8--Abvc--. Studia z dziejów Rosji i Europy Środkowo-Wschodniej. - Warszawa : Wydawn. Naukowe Semper, 1992-. - ISSN 1230-5057 $x200700000420000701 $9048641332 039T $8--Aax--Ustrzycki, Mirosław. Ziemianie polscy na Kresach 1864-1914. - Kraków : Wydaw. Arcana, 2006. - 406, tabl. 28, il $9395666279 045F $a900.9438 $eDDC23BSB 045F/01 $a900 045F/03 $g438 045T $a7,41 lok: 39510086 78 exp: 39510086 78 1 #EPN 201B/01 $018-11-16 $t13:44:59.000 201U/01 $0utf8 203@/01 $0791399494 208@/01 $a12-11-16 $be 209A/01 $a/ $f000 $x00 220C/01 $aHerkunft: PBB/IH PAN 244Z/01 $2Trx $#Poola $#Lenkija $#Polija $#Polen Land $#Poland $#Lengyelország $#Poľsko $#Polsko $8--Trx--Polska$gkraj $x01 $9391345966 244Z/01 $2Trx $#arvustused $#recenzijos $#Reviews $#recenziók $#recenzje $#recenzie $#recenze $8--Trx--Rezensionen $x02 $9391357441 247C/01 $82080>Marburg/Lahn, Herder-Institut, Forschungsbibliothek, Bibliographieportal $9336309341
| LEADER | 00000caa a22000002c 4500 | ||
|---|---|---|---|
| 001 | 395100860 | ||
| 003 | DE-603 | ||
| 005 | 20210804210447.0 | ||
| 007 | tu | ||
| 008 | 161112s2007 xx |||| | u00||u|pol c | ||
| 035 | |a (DE-599)HEB395100860 | ||
| 040 | |a DE-603 |b ger |c DE-603 |d DE-603 | ||
| 041 | |a pol | ||
| 082 | 0 | 4 | |8 1\u |a 900.9438 |q DE-101 |2 23/BSB |
| 084 | |a 7,41 |2 ssgn | ||
| 085 | |8 1\u |b 900 | ||
| 085 | |8 1\u |z 2 |s 438 | ||
| 100 | 1 | |a Epsztein, Tadeusz | |
| 245 | 0 | 0 | |a Ustrzycki, Mirosław. Ziemianie polscy na Kresach 1864-1914. - Kraków : Wydaw. Arcana. - 2006 [Rezension] |
| 264 | 0 | |c 2007 | |
| 773 | 0 | 8 | |i In |t Studia z dziejów Rosji i Europy Środkowo-Wschodniej |d Warszawa : Wydawn. Naukowe Semper, 1992- |x 1230-5057 |g Band 42 (2007), Seite 299-304 |w (DE-603)048641332 |w (DE-600)1176803-4 |
| 787 | 0 | 8 | |i Rezension von |a Ustrzycki, Mirosław |t Ziemianie polscy na Kresach 1864-1914 |d Kraków : Wydaw. Arcana, 2006 |h 406, tabl. 28, il |w (DE-603)395666279 |
| 924 | 0 | |9 2080 |a (DE-603)791399494 |b DE-2080 |c HES |d d |g / | |


